Understanding violence: National Commission on the Causes and prevention of Violence
| Main Author: | |
|---|---|
| Format: | Print Book |
| Language: | English |
| Published: |
[Wellington, N.Z.]
Victoria Univ. of Wellington, Inst. of Criminology
1978
|
| In: |
Occasional papers in criminology (7)
Year: 1978 |
| Availability in Tübingen: | Present in Tübingen. UB: KB 3 E 794 |
| Check availability: | HBZ Gateway |
| Subito Delivery Service: | Order now. |
MARC
| LEADER | 00000cam a22000002c 4500 | ||
|---|---|---|---|
| 001 | 1097464474 | ||
| 003 | DE-627 | ||
| 005 | 20251224220749.0 | ||
| 007 | tu | ||
| 008 | 920228s1978 xx ||||| 00| ||eng c | ||
| 035 | |a (DE-627)1097464474 | ||
| 035 | |a (DE-576)027464474 | ||
| 035 | |a (DE-599)BSZ027464474 | ||
| 035 | |a (OCoLC)04932562 | ||
| 040 | |a DE-627 |b ger |c DE-627 |e rakwb | ||
| 041 | |a eng | ||
| 082 | 0 | |a 301.6/33 | |
| 100 | 1 | |a Balow, John R. |4 aut | |
| 245 | 1 | 0 | |a Understanding violence |b National Commission on the Causes and prevention of Violence |c John R. Balow |
| 264 | 1 | |a [Wellington, N.Z.] |b Victoria Univ. of Wellington, Inst. of Criminology |c 1978 | |
| 300 | |a 82 S. | ||
| 336 | |a Text |b txt |2 rdacontent | ||
| 337 | |a ohne Hilfsmittel zu benutzen |b n |2 rdamedia | ||
| 338 | |a Band |b nc |2 rdacarrier | ||
| 490 | 1 | |a Occasional papers in criminology |v 7 | |
| 583 | 1 | |a Archivierung prüfen |c 20200919 |f DE-640 |z 1 |2 pdager | |
| 830 | 0 | |a Occasional papers in criminology |v 7 |9 7 |w (DE-627)1097464385 |w (DE-576)027464385 |7 am | |
| 951 | |a BO | ||
| ELC | |b 1 | ||
| LOK | |0 000 xxxxxcx a22 zn 4500 | ||
| LOK | |0 001 2180875452 | ||
| LOK | |0 003 DE-627 | ||
| LOK | |0 004 1097464474 | ||
| LOK | |0 005 20020606000000 | ||
| LOK | |0 008 920228||||||||||||||||ger||||||| | ||
| LOK | |0 040 |a DE-21 |c DE-627 |d DE-21 | ||
| LOK | |0 852 |a DE-21 | ||
| LOK | |0 852 1 |c KB 3 E 794 |9 00 | ||
| LOK | |0 935 |a krim | ||
| LOK | |0 936ln |a k10.10.6 | ||
| LOK | |0 939 |a 28-02-92 |b l01 | ||
| ORI | |a SA-MARC-krimdoka001.raw | ||
| SIG | |a UB: KB 3 E 794 | ||
